Disney und Pixar Animationsfilme - Sudden Death - Statistiken

Allgemein
  • Dieses Quiz wurde 241 mal gespielt
    236 seit der letzten Aktualisierung
  • Das Durchschnittsergebnis liegt bei 12 aus 28
Answers on the Grid
Answers color-coded by a green-red scale on the quiz's grid according to % correct below.
Bambi
Fantasia
Fantasia 2000
Fantasia Forever
Atlantis
Der Dschungelplanet
Hüter des Lichts
Tierisch wild
Bärenbrüder
Ein Königreich für ein Lama
Lilo und Wanders
Pinocchio
Aristocats
Basil, der große Mäusedetektiv
Toy Story
Oben
Drei Caballeros
101 Dalmatiner
Der Fluch des Prinzen
Toys in the Attic
Emil und die Detektive
Taran und der Zauberkessel
Nightmare on Elm Street
Der Glöckner von Notre Dame
Elio
Sheherazade und Geschichten aus 1001 Nacht
The Nightmare before Christmas
Ein Kater macht Theater
Mulan
Pocahontas
Ich - Einfach unverbesserlich
Der Zaubertroll
Rudolph mit der roten Nase
Triff die Robinsons
Alles steht Kopf
Die Kühe sind los
Die Abenteuer von Ichabod und Taddäus Kröte
Musik, Tanz und Rythmus
Xanadu
Epic - Das verborgene Königreich
Soul
Hercules
Xena
Oliver & Co.
 
Antwortstatistiken
Antwort % Korrekt
Toy Story
70%
Hercules
68%
Mulan
67%
Pinocchio
63%
Oben
62%
101 Dalmatiner
61%
Bambi
61%
Alles steht Kopf
59%
Der Glöckner von Notre Dame
57%
Bärenbrüder
56%
Pocahontas
55%
Aristocats
51%
Atlantis
46%
Ein Königreich für ein Lama
43%
Soul
36%
Fantasia
35%
Fantasia 2000
35%
Basil, der große Mäusedetektiv
32%
Die Kühe sind los
31%
Drei Caballeros
31%
Oliver & Co.
26%
Elio
25%
Taran und der Zauberkessel
25%
Triff die Robinsons
21%
Die Abenteuer von Ichabod und Taddäus Kröte
18%
The Nightmare before Christmas
18%
Musik, Tanz und Rythmus
12%
Tierisch wild
7%
Keine übereinstimmenden Quizze gefunden
Verteilung der Resultate
Anzahl Personen mit jedem Resultat
Perzentil nach korrekt beantworteten Fragen
Ihre Resultats-Entwicklung
Sie haben dieses Quiz seit der letzten Aktualisierung nicht gespielt